Peptide synthesis and applications / (Record no. 21308)

MARC details
000 -LEADER
fixed length control field 01431cam a22003375i 4500
001 - CONTROL NUMBER
control field 17775713
003 - CONTROL NUMBER IDENTIFIER
control field EG-ScBUE
005 - DATE AND TIME OF LATEST TRANSACTION
control field 20251207102902.0
008 - FIXED-LENGTH DATA ELEMENTS--GENERAL INFORMATION
fixed length control field 130613t2013 nyua f b 001 0 eng d
020 ## - INTERNATIONAL STANDARD BOOK NUMBER
International Standard Book Number 9781627035439
040 ## - CATALOGING SOURCE
Original cataloging agency EG-ScBUE
Language of cataloging eng
Description conventions rda
Transcribing agency EG-ScBUE
Modifying agency EG-ScBUE
082 04 - DEWEY DECIMAL CLASSIFICATION NUMBER
Edition number 22
Classification number 547.756
Item number PEP
245 00 - TITLE STATEMENT
Title Peptide synthesis and applications /
Statement of responsibility, etc edited by Knud J. Jensen, Department of Chemistry, Faculty of Sciences, University of Copenhagen, Frederiksberg, Denmark, Pernille Tofteng Shelton, IGM, Faculty of Life Sciences, University of Copenhagen, Zealand Pharma, Glostrup, Denmark, Sren L. Pedersen, IGM, Faculty of Life Sciences, University of Copenhagen, Gubra, Hørsholm, Denmark.
250 ## - EDITION STATEMENT
Edition statement Second edition.
264 #1 - PUBLICATION, DISTRIBUTION, ETC. (IMPRINT)
Place of publication, distribution, etc New York :
Name of publisher, distributor, etc Humana Press,
Date of publication, distribution, etc [2013]
264 #4 - PUBLICATION, DISTRIBUTION, ETC. (IMPRINT)
Date of publication, distribution, etc c2013
300 ## - PHYSICAL DESCRIPTION
Extent x, 253 pages :
Other physical details illustrations ;
Dimensions 27 cm.
336 ## - CONTENT TYPE
Source rdacontent
Content type term text
Content type code txt
337 ## - MEDIA TYPE
Media type term unmediated
Source rdamedia
Media type code n
338 ## - CARRIER TYPE
Carrier type term volume
Carrier type code nc
Source rdacarrier
490 0# - SERIES STATEMENT
Series statement Methods in molecular biology,
International Standard Serial Number 1064-3745 ;
Volume number/sequential designation 1047
500 ## - GENERAL NOTE
General note Previous edition : 2005.
504 ## - BIBLIOGRAPHY, ETC. NOTE
Bibliography, etc Includes bibliographical references and index.<br/>
650 #7 - SUBJECT ADDED ENTRY--TOPICAL TERM
Topical term or geographic name as entry element Peptides
General subdivision Synthesis
Form subdivision Laboratory manuals.
Source of heading or term BUEsh
653 ## - INDEX TERM--UNCONTROLLED
Resource For college Pharmacy
Arrived date list March2016
655 ## - INDEX TERM--GENRE/FORM
Form subdivision Reading book
700 1# - ADDED ENTRY--PERSONAL NAME
Personal name Jensen, Knud J.,
Relator term editor.
700 1# - ADDED ENTRY--PERSONAL NAME
Personal name Shelton, Pernille Tofteng,
Relator term editor.
700 1# - ADDED ENTRY--PERSONAL NAME
Personal name Pedersen, Soren L.,
Relator term editor.
942 ## - ADDED ENTRY ELEMENTS (KOHA)
Source of classification or shelving scheme Dewey Decimal Classification
Koha item type Book - Borrowing
Holdings
Withdrawn status Lost status Source of classification or shelving scheme Damaged status Not for loan Collection code Home library Current library Shelving location Date acquired Source of acquisition Cost, normal purchase price Serial Enumeration / chronology Total Checkouts Full call number Barcode Date last seen Cost, replacement price Price effective from Koha item type
    Dewey Decimal Classification       Central Library Central Library First floor 02/03/2016 Purchase 1140.00 2   547.756 PEP 000031867 15/07/2025 1425.00 02/03/2016 Book - Borrowing